00696 2200241 4500001002100000005001500021035002000036007000300056008004100059020002200100082000800122084001400130100001400144245008700158250002200245260005300267300005600320650001100376650000800387504002700395990001600422990001600438INLIS00000000000429820260204071108 a0010-0126000113ta260204 g 0 ind  a978-602-8363-11-2 a530 a530 SET s0 aSetia Aji1 aSeri Bacaan IPA untuk Anak: Mengenal Zat /cSetia Aji (Penyusun); Saadah (Editor) aEdisi, April 2011 aBandung :bGraha Bandung Kencana (GeBeKa),c2011 aiv; 60 Halaman :bIlustrasi Berwarna; Teks ;c25 cm 4aFisika 4aZat aBibliografi Halaman 59 a00000005987 a00000005988